00401nam a2200109Ia 4500082001200000100006200012245009800074260000600172300000700178650002900185710007700214 aRI.003; aIndia. National Commission on Teachers (Higher Education) 0aTeachers in higher education :bGrievances and their redressal / Anita Banerji and M.V. Pyles c0 a78 aCOLLEGE TEACHERS - INDIA aNational Institute of Educational Planning and Administration, New Delhi